[Event "Stockerau op-A"]
[Site "Stockerau"]
[Date "2006.05.28"]
[Round "5"]
[White "Schirmbeck, Hannes"]
[Black "Amberger, Dieter"]
[Result "1/2-1/2"]
[WhiteElo "2106"]
[BlackElo "1972"]
[PlyCount "97"]
[EventDate "2006.05.25"]
[EventType "swiss"]
[EventRounds "5"]
[EventCountry "AUT"]
[SourceTitle "CBM 112 Extra"]
[Source "ChessBase"]
[SourceDate "2006.07.14"]
[SourceVersion "1"]
[SourceVersionDate "2006.07.14"]
[SourceQuality "1"]

1. Nf3 c5 2. g3 Nf6 3. Bg2 g6 4. 0-0 Nc6 5. c4 Bg7 6. Nc3 d5 7. d4 dxc4 8. d5 Nb4 9. Ne5 Nfxd5 10. Nxf7 Kxf7 11. Nxd5 Be6 12. e4 Re8 13. Qf3+ Kg8 14. Nf4 Bd7 15. Qe2 b5 16. e5 Rb8 17. Rd1 Qc8 18. a3 Nd3 19. Nxd3 cxd3 20. Qxd3 Bf5 21. Qe2 Rd8 22. Bg5 Rxd1+ 23. Rxd1 Qc7 24. g4 Bc8 25. f4 a6 26. Bd5+ e6 27. Be4 Bf8 28. Qf3 Bb7 29. Bxb7 Qxb7 30. Qxb7 Rxb7 31. Rd8 Kf7 32. Kf2 c4 33. Ke2 h6 34. Bf6 Bg7 35. g5 hxg5 36. fxg5 Bxf6 37. gxf6 g5 38. Kf3 b4 39. Ke4 c3 40. bxc3 bxa3 41. Rd4 Rc7 42. Ra4 Rxc3 43. Rxa6 Rc4+ 44. Kf3 Rh4 45. Kg3 Re4 46. Ra7+ Kf8 47. Rxa3 Rxe5 48. Ra7 Re4 49. Rg7 1/2-1/2

[Event "Stockerau op-A"]
[Site "Stockerau"]
[Date "2006.05.27"]
[Round "4"]
[White "Giessmann, Andreas"]
[Black "Schirmbeck, Hannes"]
[Result "0-1"]
[WhiteElo "2028"]
[BlackElo "2106"]
[PlyCount "92"]
[EventDate "2006.05.25"]
[EventType "swiss"]
[EventRounds "5"]
[EventCountry "AUT"]
[SourceTitle "CBM 112 Extra"]
[Source "ChessBase"]
[SourceDate "2006.07.14"]
[SourceVersion "1"]
[SourceVersionDate "2006.07.14"]
[SourceQuality "1"]

1. Nf3 Nf6 2. c4 e6 3. g3 d5 4. Bg2 Be7 5. 0-0 0-0 6. b3 c5 7. e3 Nc6 8. d4 Qb6 9. cxd5 exd5 10. dxc5 Qxc5 11. Bb2 Bg4 12. Nc3 Rad8 13. Ne2 Ne4 14. Nfd4 Ng5 15. Rc1 Qb6 16. Nxc6 bxc6 17. Qd4 Qxd4 18. Nxd4 Bf6 19. Ba3 Rfe8 20. Nxc6 Rd7 21. Rc5 Nf3+ 22. Kh1 Nd2 23. Rfc1 Ne4 24. Bxe4 dxe4 25. R5c2 h5 26. h4 Bd1 27. Rc4 Rd2 28. Bc5 Bf3+ 29. Kg1 Rxa2 30. Bxa7 Re6 31. Bd4 Bxh4 32. Ne5 Bxg3 33. fxg3 Rg2+ 34. Kh1 Rxg3+ 35. Nxf3 exf3 36. R4c2 g5 37. Rc8+ Kh7 38. Rh8+ Kg6 39. Rg8+ Kf5 40. Ba7 Ra6 41. e4+ Kxe4 42. Re8+ Kf5 43. Bb8 Rh3+ 44. Kg1 f6 45. Rec8 g4 46. R8c2 Rb6 0-1

[Event "Stockerau op-A"]
[Site "Stockerau"]
[Date "2006.05.25"]
[Round "1"]
[White "Schirmbeck, Hannes"]
[Black "Schindler, Gerhard"]
[Result "1-0"]
[WhiteElo "2106"]
[BlackElo "1827"]
[PlyCount "49"]
[EventDate "2006.05.25"]
[EventType "swiss"]
[EventRounds "5"]
[EventCountry "AUT"]
[SourceTitle "CBM 112 Extra"]
[Source "ChessBase"]
[SourceDate "2006.07.14"]
[SourceVersion "1"]
[SourceVersionDate "2006.07.14"]
[SourceQuality "1"]

1. e4 c6 2. d4 d5 3. e5 c5 4. dxc5 Nc6 5. Bb5 Bf5 6. Nf3 e6 7. Nd4 Nge7 8. Bg5 Qc7 9. 0-0 Bg6 10. f4 h6 11. Bh4 Nf5 12. Nxf5 Bxf5 13. b4 h5 14. Nd2 Be7 15. Bxe7 Kxe7 16. Bxc6 Qxc6 17. Nb3 Qc7 18. Nd4 Bg4 19. Qd3 a6 20. h3 b6 21. cxb6 Qxb6 22. hxg4 hxg4 23. Qe3 Qc7 24. f5 Rh5 25. fxe6 1-0

[Event "AUT-chT2O 0506"]
[Site "Austria"]
[Date "2006.03.18"]
[Round "10.3"]
[White "Schirmbeck, Hannes"]
[Black "Salamon, Werner"]
[Result "1/2-1/2"]
[WhiteElo "2120"]
[BlackElo "2170"]
[PlyCount "44"]
[EventDate "2005.11.19"]
[EventType "team"]
[EventRounds "11"]
[EventCountry "AUT"]
[SourceTitle "EXT 2006"]
[Source "ChessBase"]
[SourceDate "2005.11.24"]
[SourceVersion "1"]
[SourceVersionDate "2005.11.24"]
[SourceQuality "1"]
[WhiteTeam "Stockerau"]
[BlackTeam "Mattersburg"]
[WhiteTeamCountry "AUT"]
[BlackTeamCountry "AUT"]

1. e4 e5 2. Nf3 Nc6 3. Bc4 d6 4. 0-0 Be7 5. Re1 Nf6 6. h3 0-0 7. d4 exd4 8. Nxd4 Nxd4 9. Qxd4 Nd7 10. Nc3 Bf6 11. Qd3 Nb6 12. Bb3 Be6 13. Qg3 Re8 14. Bf4 Bxb3 15. axb3 Be5 16. Bxe5 dxe5 17. Red1 Qe7 18. Qg4 a6 19. Ne2 Rad8 20. Ng3 Rxd1+ 21. Rxd1 Rd8 22. Rxd8+ Qxd8 1/2-1/2

[Event "AUT-chT2O 0506"]
[Site "Austria"]
[Date "2006.02.24"]
[Round "7.3"]
[White "Schirmbeck, Hannes"]
[Black "Niederwieser, Peter"]
[Result "1/2-1/2"]
[WhiteElo "2120"]
[BlackElo "2172"]
[PlyCount "59"]
[EventDate "2005.11.19"]
[EventType "team"]
[EventRounds "11"]
[EventCountry "AUT"]
[SourceTitle "EXT 2006"]
[Source "ChessBase"]
[SourceDate "2005.11.24"]
[SourceVersion "1"]
[SourceVersionDate "2005.11.24"]
[SourceQuality "1"]
[WhiteTeam "Stockerau"]
[BlackTeam "Waehring"]
[WhiteTeamCountry "AUT"]
[BlackTeamCountry "AUT"]

1. e4 c5 2. Nf3 e6 3. d4 cxd4 4. Nxd4 Nf6 5. Nc3 d6 6. g4 Nc6 7. g5 Nd7 8. Be3 Be7 9. Rg1 0-0 10. Qh5 Re8 11. 0-0-0 a6 12. Rg3 g6 13. Qh4 Nxd4 14. Bxd4 e5 15. Be3 Nb6 16. Bxb6 Qxb6 17. Bc4 Be6 18. Bxe6 fxe6 19. Qh3 Bf8 20. Rf3 Re7 21. Rf6 Rae8 22. Qd3 Rf7 23. Rxf7 Kxf7 24. h4 Kg8 25. Rd2 Qc7 26. Nd1 Qf7 27. Qg3 Qf4 28. Qxf4 exf4 29. f3 Be7 30. a4 1/2-1/2